000 01232nam a2200313 a 4500
001 000046846
003 DO-SdBNP
005 20250624134934.0
008 180403s2016 dr 001 0 spa d
020 _a9789945423389
040 _aDO-SdBNP
_bspa
_cBPMSU
082 _a868.99
_bC527p 2016
_222
100 1 _aChevalier, Nan,
_d1965-
245 1 0 _aPasión analítica :
_bapuntes sobre escritores dominicanos e hispanoamericanos /
_cNan Chevalier ; presentación Frank D´oleo.
260 _aSanto Domingo, :
_bAPEC,
_c2016.
300 _a437 p. ;
_c23 cm.
500 _aIncluye datos biográficos del autor en las solapas de la cubierta
500 _aIncluye índice onomástico
504 _aIncluye referencias bibliográficas y notas al pie de las páginas
504 _aBibliografía p: 421-426
590 _aInventariado, 2022/VM
650 4 _aLiteratura dominicana
_xCrítica e interpretación
650 4 _aAutores hispanoamericanos
_xCrítica e interpretación
650 4 _aLiteratura hispanoamericana
_xCrítica e interpretación
650 4 _aEscritores dominicanos
_xCrítica e interpretación.
700 1 _aD´oleo, Frank
_epresentación
910 _aVMateo V. Control de caldiad BPMSU
942 _2ddc
_cBK
999 _c14327
_d14327